书目信息 |
| 题名: |
中文图书ECIP与自动编目手册
|
|
| 作者: | 陈源蒸 编著 | |
| 分册: | ||
| 出版信息: | 北京 北京图书馆出版社 2003.03 |
|
| 页数: | 436页 | |
| 开本: | 29cm | |
| 丛书名: | ||
| 单 册: | ||
| 中图分类: | G254.36-62 | |
| 科图分类: | ||
| 主题词: | 图书馆学 , 图书馆事业 | |
| 电子资源: | ||
| ISBN: | 7-5013-2095-0 | |
| 000 | 00629nam0 2200205 45 | |
| 001 | 0355638570 | |
| 005 | 2003111115271858 | |
| 010 | @a7-5013-2095-0@b压膜@dCNY 60.00 | |
| 100 | @a20031111d2003 km y0chiy0120 ea | |
| 101 | 0 | @achi |
| 102 | @aCN@b110000 | |
| 200 | 1 | @a中文图书ECIP与自动编目手册@Azhong wen tu shu ECIP yu zi dong bian mu shou ce@f陈源蒸编著@Fchen yuan zheng bian zhu |
| 210 | @a北京@c北京图书馆出版社@d2003.03 | |
| 215 | @a436页@d29cm | |
| 606 | 0 | @a图书馆学 |
| 606 | 0 | @a图书馆事业 |
| 690 | @aG254.36-62@v4 | |
| 701 | 0 | @a陈源蒸@Achen yuan zheng@4编著 |
| 801 | 0 | @aCN@bPFT@c20031111 |
| 905 | @a@dG254.36-62@eC630 | |
| 中文图书ECIP与自动编目手册/陈源蒸编著.-北京:北京图书馆出版社,2003.03 |
| 436页;29cm |
| ISBN 7-5013-2095-0(压膜):CNY 60.00 |
| ● |
| 相关链接 |
|
|
|
正题名:中文图书ECIP与自动编目手册
索取号:G254.36-62/C630
 
预约/预借
| 序号 | 登录号 | 条形码 | 馆藏地/架位号 | 状态 | 备注 |
| 1 | 372697 | 203726977 | 社科库409/409社科库 59排6列1层/ [索取号:G254.36-62/C630] | 在馆 | |
| 2 | 372698 | 203726986 | 社科库409/409社科库 59排6列1层/ [索取号:G254.36-62/C630] | 在馆 |